000 00715nam a22001697a 4500
999 _c15597
_d15597
003 AR-CdUCM
008 190429b ||||| |||| 00| 0 spa d
040 _aMUNICIPALIDAD PROVINCIAL DEL CUSCO
_cBIBLIOTECA MUNICIPAL DEL CUSCO
082 _aC / 340.4 /
_bC28
100 _aCasanova Mayorga, Aurelio
_934725
245 _aBases para la reforma de la ley del notario /
260 _aCuzco :
_bUnsaac,
_c1953.
300 _a177 hojas ;
_c28 cm.
505 _aEvolución histórica del notario -- Desenvolvimiento doctrinario y positivo de la institución -- La relación jurídica notarial -- Ley del notario y la necesidad de la reforma y l aplicación -- Notarios públicos...
942 _2ddc
_cTESIS
945 _awfj